| 000 | 01095cam a2200277 a 4500 | ||
|---|---|---|---|
| 001 | 000016278 | ||
| 005 | 20200929164341.0 | ||
| 008 | 951030m19941997sp b 000 0 spa d | ||
| 020 | _a8475064183 (v. 1) | ||
| 020 | _a8489794049 (v. 2) | ||
| 040 |
_aDO-SdBNP _cDLC _dDLC _dBNPHU |
||
| 082 |
_a868.3 _bT687ó |
||
| 100 | 1 |
_aTorquemada, Antonio de, _d1553-1570. _936343 |
|
| 245 | 1 | 0 |
_aObras completas / _cAntonio de Torquemada ; edición de Manuel Arroyo Stephens ; introducción de Lina Rodríguez Cacho. |
| 260 |
_aMadrid : _bTurner Libros, _c[1994-1997]. |
||
| 300 |
_a2 v. ; _c23 cm. |
||
| 490 | 1 | _aBiblioteca Castro | |
| 505 | 0 | _a1. Manual de escribientes. Coloquios satíricos. Jardín de flores curiosas -- 2. Don Olivante de Laura. | |
| 600 | 1 | 0 |
_aTORQUEMADA, ANTONIO DE, _y1507?-1569 _xCOLECCIONES DE ESCRITOS _936344 |
| 650 | 4 |
_aLiteratura española _xColecciones de escritos _98735 |
|
| 700 | 1 |
_aRodríguez Cacho, Lina, _eintr. _936345 |
|
| 700 | 1 |
_aArroyo Stephens, Manuel, _eed. _934595 |
|
| 830 | 0 |
_aBiblioteca Castro _912631 |
|
| 910 | _aCatalogación derivada | ||
| 049 | _aBNGR | ||
| 999 |
_c15813 _d15813 |
||